Регионална библиотека "Любен Каравелов" - Русе

История на древен Китай (Запис номер 100023)

MARC детайли
000 -Лидер
Контролно поле с фиксирана дължина 01540nam a2200361 c 4500
003 - Код на организацията, давaща контролен номер
Контролно поле BLK
005 - Дата и час на последна редакция
Контролно поле 20180422105316.0
008 - Елементи от данни с фиксирана дължина
fixed length control field 180409b bul|||||r ||||||| ||bul||
010 ## - Наследен системен номер
LC control number KNG00105041000
020 ## - Международен стандартен номер на книга ISBN
Международен стандартен номер на книга ISBN 954-584-233-4
-- издат.: Абагар Паблишинг
040 ## - Източник на каталожния запис
Идентификатор на билиотеката - собственик на записа BLK
041 ## - Код за език
Код за езика на текст/звукозапис или на отделно заглавие Български
Код за езика КДБФ Български
080 ## - УДК
Текстов определител УДК История на Древен Китай
УДК код - определител по УДК 931.5
УДК определител
УДК - код + определител 931.5
139 ## - Редно поле
Редна дума История на древен Китай
Авторски знак Истор - И 95
245 10 - Сведения за заглавието
Заглавие История на древен Китай
Редно поле (дума) състав. Мария Василева Арабаджиева.
257 ## - Страна на издаване
Страна на създаване/издаване България
260 ## - Област на издателските данни
-- София
Име на издателя, разпространителя и проч. Абагар Паблишинг
Година на издаване 2003
300 ## - Физическа характеристика
Страници 216 с.
Илюстрации и др. с ил.
Размери/Мащаб 21 см
380 ## - Жанр
Жанр История
490 1# - СЕРИИ (Колекции)
Име на серия Encyclopaedia universalis
490 1# - СЕРИИ (Колекции)
-- Подсерия
Име на серия Корпус История на цивилизациите
500 ## - Общи забележки
Забележка Съдържа и Хронология на китайските династии ; Хронология на събитията в историята на Древен Китай ; Кратък енциклопедичен справочник. - Библиогр. с. 228-232
504 ## - Забележка за наличие на библиография и др
Забележка за наличие на библиография и под. 228-232
650 #4 - Допълнително описание по предмет – тема
Основно описание – тема или топоним Древен Китай
9 (RLIN) 269644
653 ## - Ключова дума – ненормативна
Ключова дума история
653 ## - Ключова дума – ненормативна
Ключова дума Древен Китай
700 1# - Други автори (авторска отговорност)
Лично име Арабаджиева, Мария Василева
Автороска отговорност (Описва отношението между автора и произведението) състав.
9 (RLIN) 371411
852 ## - Местоположение
Форматна сигнатура Цб 214153
856 4# - Електронен адрес и достъп
Електронен формат pdf - файл
Път до файла /url/
856 4# - Електронен адрес и достъп
Електронен формат pdf - файл
Път до файла /url/
942 ## - АРТИКУЛИ
Вид на библиотечния материал Книги
Скрит в OPAC Не
944 ## - СЪЗДАВАНЕ И РЕДАКЦИЯ на ЗАПИСА
Създаване/Редакция Създаване
Дата на регистрацията/редакция 01.01.2003
Служител, извършил регистрацията/редакцията Геновева_Генчева
944 ## - СЪЗДАВАНЕ И РЕДАКЦИЯ на ЗАПИСА
Създаване/Редакция Редакция
Дата на регистрацията/редакция 07.12.2006
Служител, извършил регистрацията/редакцията
999 ## - СИСТЕМНИ КОНТРОЛНИ НОМЕРА
Koha biblionumber 100023
Koha biblioitemnumber 100023
Наличности
Код за отписване Код за изгубен артикул Източник на класификационната схема Код за повреда Коз за рестрикции Код за отдаване Артикулен № Име на библиотеката - собственик Име на библиотеката, в която се намира в момента Статус (Текущо местоположение) Дата на вписване в системата Местоположение - отдел Цена в лева Инвентарен номер Систематично азбучна сигнатура Баркод Номер на екземпляра Цена в евро Служебна бележка Служебен тип на артикула
  Не е изгубен Universal Decimal Classification Не е повреден без рестрикции ползва се в читалня 161091 Регионална библиотека "Любен Каравелов" Русе Регионална библиотека "Любен Каравелов" Русе Читалня 2003-02-21 Читалня 5.50 120000674885 Ч 94(3)/И 95 120000674885 1 2.81 Дост: Pk Вид: Ф N: 6 Дата: 21.02.2003 Дата инв: 28.03.2017 Бележки инв: Ч2017 Книги
  Не е изгубен   Не е повреден без рестрикции ползва се в читалня 161092 Регионална библиотека "Любен Каравелов" Русе Регионална библиотека "Любен Каравелов" Русе Хранилище 2006-12-01 Хранилище 5.50 120000707117 Цб 214153 120000707117 2 2.81 Дост: Dp Вид: Д N: 4 Дата: 04.01.2006 Книги
Vip Innovations Ltd, Rousse, Bulgaria 2025